Vklady domácností, ich substitúty, úrokové sadzby a miera finančných úspor domácností v ekonomike

Trendy vo vývoji vkladov domácností. Transakčné vklady domácností. Menej likvidné formy vkladov domácností (termínované a úsporné vklady). Miera finančných úspor domácností v ekonomike (vklady a podielové listy).

Enregistré dans:
Détails bibliographiques
Auteur principal: Kollárová, Viera
Autres auteurs: Čársky, Rastislav
Format: Chapitre de livre
Langue:slovaque
Sujets:
Tags: Ajouter un tag
Pas de tags, Soyez le premier à ajouter un tag!

MARC

LEADER 00000naa$a2200000$$$4500
001 0051496
005 20231116082931.9
041 0 |a slo 
044 |a SK 
245 1 0 |a Vklady domácností, ich substitúty, úrokové sadzby a miera finančných úspor domácností v ekonomike  |c Viera Kollárová, Rastislav Čársky 
520 |a Trendy vo vývoji vkladov domácností. Transakčné vklady domácností. Menej likvidné formy vkladov domácností (termínované a úsporné vklady). Miera finančných úspor domácností v ekonomike (vklady a podielové listy). 
610 2 0 |a domácnosti 
610 2 0 |a miera úspor 
610 2 0 |a sadzby úrokové 
610 2 0 |a úspory obyvateľstva 
610 2 0 |a Slovensko 
100 1 |a Kollárová, Viera 
700 1 |a Čársky, Rastislav